|
|
|
|
| LEADER |
02449njm a2200541 a 4500 |
| 001 |
000229496 |
| 003 |
CZ BrMZK |
| 005 |
20240924142458.0 |
| 008 |
010907s1959 xr f cze d |
| 028 |
0 |
1 |
|a DV 5641
|b Supraphon
|
| 040 |
|
|
|a BOA001
|b cze
|
| 080 |
|
|
|a 782.1(086.7)
|2 MRF
|
| 080 |
|
|
|a 792.54(086.7)
|2 MRF
|
| 100 |
1 |
|
|a Janáček, Leoš,
|d 1854-1928
|7 jk01050745
|4 aut
|4 lbt
|
| 245 |
1 |
0 |
|a Z mrtvého domu
|h [zvukový záznam] :
|b [scény z opery] /
|c Leoš Janáček
|
| 260 |
|
|
|a Praha :
|b Supraphon,
|c 1959
|
| 300 |
|
|
|a 1 LP deska :
|b 33 ot/min ;
|c 30 cm
|
| 490 |
1 |
|
|a Gramofonový klub : základní řada
|
| 500 |
|
|
|a Nahr. neuv
|
| 500 |
|
|
|a Durata neuv
|
| 500 |
|
|
|a Libreto skladatele podle románu F.M. Dostojevského
|
| 511 |
0 |
|
|a Jaroslav Ulrych, zpěv; Zdeněk Soušek, zpěv; Eduard Hrubeš, zpěv ... [et al.]. Sbor Janáčkovy opery, sborm. Vilibald Rubínek; Státní filharmonie Brno, dir. Břetislav Bakala, Jaroslav Vogel
|
| 653 |
0 |
|
|a operní sborové scény
|a operní árie
|
| 700 |
1 |
|
|a Vogel, Jaroslav,
|d 1894-1970
|7 jk01150288
|4 cnd
|
| 700 |
1 |
|
|a Šauer, Vladimír,
|d 1943-2014
|7 pag2011632588
|4 prf
|
| 700 |
1 |
|
|a Bakala, Břetislav,
|d 1897-1958
|7 jn20000728016
|4 cnd
|
| 700 |
1 |
|
|a Bauer, Vladimír,
|d 1925-
|7 jn20000620011
|4 prf
|
| 700 |
1 |
|
|a Halíř, Václav,
|d 1926-1999
|7 ola200202522
|4 prf
|
| 700 |
1 |
|
|a Hrubeš, Eduard,
|d 1914-1979
|7 mzk2002140241
|4 prf
|
| 700 |
1 |
|
|a Jakubík, Oldřich,
|d 1930-2014
|7 xx0158182
|4 prf
|
| 700 |
1 |
|
|a Jaroš, Jaroslav,
|d 1902-1968
|7 ola200202506
|
| 700 |
1 |
|
|a Jurečka, Antonín,
|d 1914-1985
|7 mzk2004242818
|4 prf
|
| 700 |
1 |
|
|a Kurfirst, Bohumír
|4 prf
|
| 700 |
1 |
|
|a Mikulica, František,
|d 1921-
|7 jk01081641
|4 prf
|
| 700 |
1 |
|
|a Pelc, Antonín,
|d 1890-1974
|7 mzk2002144671
|4 prf
|
| 700 |
1 |
|
|a Pokorná, Jindra,
|d 1926-2007
|7 ola200202697
|4 prf
|
| 700 |
1 |
|
|a Rubínek, Vilibald,
|d 1900-1975
|7 ola200201601
|4 cnd
|
| 700 |
1 |
|
|a Soušek, Zdeněk,
|d 1913-2004
|7 jk01120590
|4 prf
|
| 700 |
1 |
|
|a Steinerová, Marie,
|d 1923-2019
|7 ola200202753
|
| 700 |
1 |
|
|a Ulrych, Jaroslav,
|d 1920-1972
|7 jn20000620391
|4 prf
|
| 710 |
2 |
|
|a Národní divadlo Brno.
|b Opera.
|b Sbor
|7 ko2003174498
|4 prf
|
| 710 |
2 |
|
|a Státní filharmonie Brno
|7 kn20030215152
|4 prf
|
| 830 |
|
0 |
|a Gramofonový klub
|
| 910 |
|
|
|a BOA001
|b LP-0004.842
|
| 964 |
|
|
|a Opery
|x árie
|x LP
|
| 964 |
|
|
|a Opery
|x scény sborové
|x LP
|
| 990 |
|
|
|a AV
|
| 996 |
6 |
|
|b 261H004927
|c LP-0004.842
|l MZK
|r Sklad / do 24 hodin
|n 0
|p kup
|w 000229496
|u 000010
|a 1
|e BOA001
|j MZK50
|s P
|